000 00559nam a2200181Ia 4500
008 131103s9999 xx 000 0 und d
040 _aLoreto College
041 _aEnglish
082 _a891.7/YEV
_bLCLIB/16278
100 _aYevtushenenko
245 _aSelected poems
_cYevtushenko;;translated with an introduction by Robin Milner - Gulland and Peter Levi
260 _aHarmondsworth
_bPenguin
_c1962 (1967 printing)
300 _a92 p.
_c 18 cm.
650 _aRussian Poetry
700 _aMilner - Gulland,Robin,tr.
850 _aLCLIB
942 _cBK
999 _c13604
_d64083